| 000 | 00570nam a22001937a 4500 | ||
|---|---|---|---|
| 999 |
_c1637 _d1637 |
||
| 003 | AR-CdUCM | ||
| 008 | 190227b ||||| |||| 00| 0 spa d | ||
| 040 |
_aMUNICIPALIDAD PROVINCIAL DEL CUSCO _cBIBLIOTECA MUNICIPAL DEL CUSCO |
||
| 082 |
_a869.508 / _bC61 |
||
| 100 |
_aCieza de León, Pedro de _96025 |
||
| 245 | _aLa crónica del Perú / | ||
| 260 |
_aLima : _bUniverso s.a, _c1973. |
||
| 300 |
_a262 páginas _c16.5 cm. |
||
| 650 |
_aCrónica _9637 |
||
| 650 |
_aConquista _91045 |
||
| 650 |
_aDescubrimiento _9249 |
||
| 942 |
_2ddc _cLIBROS |
||
| 945 |
_aafb _d2019-02-27 |
||